000 00656nam a2200217Ii 4500
003 JO-AjNU
008 230606s9999||||xx |||||||||||||| ||und||
020 _a978-1-259-92184-1/1-259-92184-0
040 _aJO-AjNU
_beng
_erda
_cJO-AjNU
041 _aeng
050 1 4 _aHD62.4.H55 2018
100 3 _aW.L.Hill, Charles, Hult, G.Tomas M,
_eauthor
_95917
245 0 0 _aGlobal Business Today
250 _a10 ed
264 3 1 _aNew York: McGraw-Hill,2018
300 _a525P
336 _atext
_btxt
_2rdacontent
337 _aunmediated
_bn
_2rdamedia
338 _avolume
_bnc
_2rdacarrier
650 4 _aInternational business enterprises - Management
_95918
999 _aE3070
_c3067
_d3067